00481 a2200145 450000500170000002000180001708400150003510000150005024500500006526000550011530000100017094200110018099900190019195201250021020260624214745.0 a9789393159946 2CCaE:28  aKALSI, P S aStereochemistry :bConformation and mechanism bNew age International publishers, c2022,aLondon. a664p. cBK2CC c757289d757289 00102CC4070aLIBbLIBcGENd2026-03-11e14g509.15l0o E:28 R2p326871r2026-03-11 00:00:00v599.00w2026-03-11yGEN